000 00379nam a2200157Ia 4500
008 230524s9999 xx 000 0 und d
082 _a621.381
_bNAG
100 _aDipankar Nagchoudhuri
245 0 _aMicroelectronic Devices
250 _a1ST
260 _aNEW DELHI
_bPearson
_c2002
300 _a494
500 _aQuantity Number: 2
650 _aElectronics
942 _cBK
999 _c16538
_d16538